00534nam a22001697a 450000500170000001000150001702000270003203500140005903700130007308200100008610000220009624500870011826000400020527000440024530000250028950000500031420161205172537.0 aENG-116745 a9788184846256c1180.00 aEN-100277 bDBAD/PUB a658.1 aMurugan,Annamalai aOrganisational behaviour and human relations development / cby Annamalai Murugan aNew DelhibRegal Publicationsc2017 aF-159 Rajouri GardenbNew Delhie110027 a.xii,268p.c23cm(Hb) aIncludes bibliographical references and index